Nonlinear programming : theory and algorithms

Αποθηκεύτηκε σε:
Λεπτομέρειες βιβλιογραφικής εγγραφής
Κύριος συγγραφέας: Bazaraa, M. S.
Άλλοι συγγραφείς: Sherali, Hanif D. 1952-, Shetty, C. M. 1929-
Μορφή: Βιβλίο
Γλώσσα:English
Δημοσίευση: New York : John Wiley & Sons, c1993
Έκδοση:2nd ed.
Σειρά:Wiley series in discrete mathematics and optimization
Θέματα:
Ετικέτες: Προσθήκη ετικέτας
Δεν υπάρχουν, Καταχωρήστε ετικέτα πρώτοι!

MARC

LEADER 00000nam a2200000 i 4500
001 1/50240
008 980728s1993 eng d
020 |a 0-471-55793-5 
035 |l 10043827 
040 |a GR-MY-UA  |b gre  |e aacr 
041 0 |a eng 
082 0 |a 519.76 
100 1 |a Bazaraa, M. S. 
245 1 0 |a Nonlinear programming :  |b theory and algorithms /  |c Mokhtar S. Bazaraa, Hanif D. Sherali, C.M. Shetty 
250 |a 2nd ed. 
260 |a New York :   |b John Wiley & Sons,   |c c1993 
300 |a xiii, 638 p.;  |b ill.;  |c 26 cm. 
490 1 |a Wiley-Interscience series in discrete mathematics and optimization 
500 |a Includes bibliographical references (p. 576-625) and index. 
650 0 0 |a Nonlinear programming. 
700 1 |a Sherali, Hanif D.  |d 1952- 
700 1 |a Shetty, C. M.  |d 1929- 
830 0 |a Wiley series in discrete mathematics and optimization 
852 |a INST  |b SAMOS  |e 19980728  |h 519.76 BAZ  |p 005300010856  |q 005300010856  |t BK  |y 0 
901 |a BIBL-1998-2 
909 |a Σ  |b 057584 
922 |a 3ΕΛΗ  |b 199807  |c ΔΩΡ  |d JOHN WILEY